| 000 | 00872nam a2200253 a 4500 | ||
|---|---|---|---|
| 001 | 000003119 | ||
| 005 | 20200929150332.0 | ||
| 008 | 840227s1986 ag b 001 0 spa | ||
| 020 | _a9509097608 | ||
| 040 |
_aDO-SdBNP _bspa _cBNPHU |
||
| 082 |
_a818.309 _bK672e |
||
| 100 | 1 |
_aKnapp, Bettina Liebowitz, _d1926- _99815 |
|
| 240 | 1 | 0 |
_aEdgar Allan Poe. _lEspañol |
| 245 | 1 | 0 |
_aEdgar Allan Poe : _bo el sueño como realidad / _cBettina L. Knapp; traducción, Anibal Leal. |
| 260 |
_aBuenos Aires : _bFraterna, _c1986. |
||
| 300 |
_a215 p. ; _c20 cm. |
||
| 490 | 1 | _aLiteratura y vida serie | |
| 504 | _aBibliografía: p. 212-214. | ||
| 650 | 4 |
_aLiteratura estadounidense _9263 |
|
| 650 | 4 |
_aAutores americanos _ySIGLO XIX _xBiografía _99816 |
|
| 600 | 1 | 4 |
_aPOE,EDGAR ALLAN, _d1809-1849. _99817 |
| 700 | 1 |
_aLeal, Anibal, _etr. _94573 |
|
| 830 | 0 |
_aLiteratura y vida serie _99818 |
|
| 999 |
_c2950 _d2950 |
||